Statistics for All 1M Cities by Directional Proximity #2

Click here to take the quiz!

General Stats

  • This quiz has been taken 239 times
  • The average score is 393 of 552

Answers on the Map

Answers color-coded by a green-red scale on the quiz's map according to % correct below.
Loading ...
 

Answer Stats

City% Correct
New York
94%
Shanghai
94%
Philadelphia
94%
Richmond
92%
Charlotte
92%
Kaifeng
92%
London
92%
Beijing
92%
Washington
92%
Xuzhou
91%
Xingtai
91%
Paris
91%
Huaibei
91%
Buffalo
91%
Jacksonville
91%
Wuhan
91%
Southampton
91%
Weifang
91%
Wenzhou
91%
Cangnan
91%
Greensboro
91%
Mexico City
91%
Baoding
91%
Nanjing
90%
Cuernavaca
90%
Zhenjiang
90%
Changzhou
90%
Bengbu
90%
Jinan
90%
Melbourne
90%
Hangzhou
90%
Madrid
90%
Puebla
90%
Orlando
90%
Meerut
90%
Jiangyin
90%
Hefei
90%
Handan
90%
Yangzhou
90%
Huainan
90%
Raleigh
90%
Jining
90%
Yiwu
90%
Anyang
90%
Delhi
90%
Tai'an
90%
Linyi
89%
Milwaukee
89%
Shijiazhuang
89%
Nanchang
89%
Alīgarh
89%
Virginia Beach
89%
Rome
89%
Huai'an
89%
Cincinnati
89%
Zibo
89%
Kanpur
89%
Tokyo
89%
Frankfurt
89%
Prague
89%
Changshu
89%
Indianapolis
89%
Ma'anshan
89%
Shizuoka
89%
Nuremberg
89%
Nantong
89%
Sacramento
89%
Stockton
89%
Wuhu
89%
Wuxi
89%
Guangzhou
89%
Miami
89%
Tianjin
89%
Pune
89%
Toulouse
89%
Dallas
89%
Fuji
89%
Chicago
89%
Hyderabad
89%
Barcelona
87%
Kotā
87%
Tangshan
87%
Zhuzhou
87%
Munich
87%
Hengyang
87%
Changwon
87%
Portland
87%
Zhuhai
87%
Seoul
87%
Hanover
87%
Bordeaux
87%
San Francisco
87%
Cologne
87%
Huizhou
87%
Los Angeles
87%
Kitakyushu
87%
Khulna
86%
Columbus
86%
Manchester
86%
Houston
86%
Stuttgart
86%
Nasik
86%
Osaka
86%
Hong Kong
86%
Liverpool
86%
Sholapur
86%
Fukuoka
86%
Cleveland
86%
Katowice
86%
Seattle
86%
San Antonio
86%
Toluca
86%
Dalian
86%
Milan
86%
Bhopal
86%
Busan
86%
Pittsburgh
86%
Nagoya
86%
The Ruhr
86%
Gwalior
86%
Daejeon
85%
Nottingham
85%
Ningbo
85%
Hamburg
85%
Qingyuan
85%
Jullundur
85%
São Paulo
85%
San Luis Potosí
85%
Vijayawada
85%
Jilin
85%
Sheffield
85%
Atlanta
85%
Xiangtan
85%
Austin
85%
Amritsar
85%
Antwerp
85%
Budapest
85%
Changsha
85%
Tampa
85%
Nagpur
85%
Warsaw
85%
Moscow
85%
Lahore
85%
Hartford
85%
Changchun
85%
Shenyang
85%
Berlin
85%
Santos
85%
Detroit
85%
Cixi
84%
Okayama
84%
Chandigarh
84%
Yantai
84%
Bursa
84%
McAllen
84%
Agra
84%
Taichung
84%
Gujranwala
84%
Istanbul
84%
Anshan
84%
Chennai
84%
Qingdao
84%
Hubli
84%
Qinhuangdao
84%
Benxi
84%
Gwangju
84%
Chifeng
84%
Nanchong
82%
Daegu
82%
Querétaro
82%
Jinzhou
82%
Ulsan
82%
Ludhiana
82%
Mannheim
82%
Jaipur
82%
Allahabad
82%
Lagos
82%
Amsterdam
82%
Hamamatsu
82%
Lille
82%
Cotonou
82%
Rotterdam
82%
Ankara
82%
Louisville
82%
Leeds
82%
Wanzhou
82%
Brussels
82%
Chonburi
81%
Valencia
81%
Tiruchirappalli
81%
Madurai
81%
Jakarta
81%
Bandung
81%
Monterrey
81%
Aurangabad
81%
Salem
81%
Karachi
81%
Amman
81%
Kolkata
81%
Zurich
81%
Vancouver
81%
Harrisburg
81%
Saint Louis
81%
Lianyungang
81%
Bangkok
81%
Boston
81%
Dhaka
81%
Taipei
81%
Panama City
81%
Bogotá
81%
Serang
81%
Jamshedpur
81%
Pyongyang
81%
Xi'an
81%
Jiaozuo
81%
Cairo
81%
Qom
80%
Belo Horizonte
80%
Toronto
80%
Ibadan
80%
Yichang
80%
Dhanbad
80%
Tainan
80%
Āsansol
80%
Campinas
80%
Bhilai
80%
Luoyang
80%
Quito
80%
Maoming
78%
Chongqing
78%
Rajkot
78%
Yancheng
78%
Indore
78%
Lyon
78%
Manila
78%
Turin
78%
Hiroshima
78%
Ranchi
78%
Kaohsiung
78%
Angeles
78%
Abu Dhabi
77%
Vishakhapatnam
77%
Birmingham
77%
Dublin
77%
Vienna
77%
Varanasi
77%
Dnipropetrovsk
77%
Mumbai
77%
Kuala Lumpur
77%
Kharkiv
76%
Beirut
76%
Porto
76%
Dubai
76%
Tehran
76%
Rio de Janeiro
76%
Zhengzhou
76%
Taiyuan
76%
Xinxiang
76%
Aba
76%
Seville
76%
Jodhpur
76%
Xiangyang
75%
Adana
75%
Glasgow
75%
Guatemala City
75%
Zunyi
75%
Ahmedabad
75%
Nanyang
75%
Stockholm
75%
Port Harcourt
75%
Naples
75%
Onitsha
75%
Hanoi
75%
Riyadh
75%
Mysore
75%
Tel Aviv-Jaffa
75%
Newcastle
73%
Xiamen
73%
Accra
73%
Cartagena
73%
Lisbon
73%
Guilin
73%
Mianyang
73%
Lucknow
73%
Kiev
73%
Brasília
73%
Bareilly
73%
Nanning
72%
Liuzhou
72%
Benin City
72%
Damascus
72%
Colombo
72%
Sendai
72%
Yogyakarta
72%
Jabalpur
72%
Semarang
72%
Manama
72%
Surabaya
72%
Belgrade
72%
Doha
72%
Surakarta
72%
Abidjan
72%
Harbin
71%
Faisalabad
71%
Alexandria
71%
Surat
71%
Sydney
71%
Casablanca
71%
Tegucigalpa
71%
Minsk
71%
Algiers
71%
Denver
71%
Baotou
71%
Konya
71%
Lomé
71%
Lima
71%
Zhangjiakou
71%
Malang
71%
Kumasi
71%
Tangier
71%
Shantou
71%
San Diego
71%
Datong
71%
Baoji
71%
Bucaramanga
70%
Nashville
70%
Oran
70%
Batam
70%
Málaga
70%
Huhehot
70%
Saint Petersburg
70%
Aleppo
70%
Guayaquil
70%
San Salvador
70%
Tunis
70%
Sapporo
70%
Singapore
70%
Guadalajara
70%
Tijuana
70%
Phoenix
70%
Taizhou
70%
Buenos Aires
70%
George Town
68%
Caracas
68%
Maracay
68%
Voronezh
68%
Baghdad
68%
Phnom Penh
68%
Oslo
68%
Kirkuk
68%
Helsinki
68%
Ho Chi Minh City
68%
Johannesburg
68%
Copenhagen
68%
Gaziantep
68%
Nizhny Novgorod
68%
Makassar
68%
Denpasar
68%
Valencia
68%
Gaza
67%
Izmir
67%
Zhanjiang
67%
Fuzhou
67%
Bangalore
67%
Cali
67%
Guiyang
67%
Perm
67%
Ottawa
67%
Ufa
67%
Antalya
67%
Dammam
67%
Barranquilla
67%
Montréal
67%
Memphis
67%
Yaoundé
66%
Morādābād
66%
Tiruppur
66%
Samara
66%
Bucharest
66%
Managua
66%
Multan
66%
Coimbatore
66%
Las Vegas
66%
Kunming
66%
Agadir
66%
Fez
66%
Vadodara
66%
Yekaterinburg
66%
Rizhao
66%
Chengdu
66%
Kayseri
66%
Kabul
65%
Shiraz
65%
Naha
65%
Isfahan
65%
Quetta
65%
Kazan
65%
Barquisimeto
65%
Aguascalientes
65%
Rostov
65%
Kathmandu
63%
Athens
63%
Donetsk
63%
Medellín
63%
Odessa
63%
Rabat
63%
Sofia
62%
Salt Lake City
62%
Santiago
62%
Mosul
62%
Erbil
62%
Kansas City
62%
Valparaíso
62%
Marseille
62%
Havana
62%
Bhubaneswar
62%
Sousse
62%
El Paso
61%
Ciudad Juárez
61%
Abuja
61%
Marrakesh
61%
Kochi
61%
Niamey
61%
New Orleans
61%
Cape Town
61%
Asunción
61%
León
61%
Oklahoma City
59%
Tbilisi
59%
Basra
59%
Guwahati
59%
San José
59%
Mexicali
59%
Rosario
58%
Pekanbaru
58%
Putian
58%
Hyderabad
58%
Ahvaz
58%
Minneapolis
58%
Recife
58%
João Pessoa
58%
Yerevan
58%
Haikou
58%
Bamako
57%
Maracaibo
56%
Kuwait City
56%
Torreón
56%
Yangon
56%
Palembang
56%
La Paz
56%
Brisbane
56%
Xining
56%
Cape Coral
56%
Yinchuan
56%
Rawalpindi
56%
Kano
54%
Porto Alegre
54%
Mendoza
54%
Mecca
54%
Kinshasa
53%
Calgary
53%
Cochabamba
53%
Brazzaville
53%
Tripoli
53%
Maceió
53%
Medan
53%
Peshawar
53%
Mashhad
53%
Port-au-Prince
53%
Santo Domingo
53%
Tabriz
53%
Kumamoto
53%
Chittagong
52%
Melbourne
52%
Qiqihar
52%
Daqing
52%
Baku
52%
Nairobi
52%
Mandalay
52%
Harare
51%
Edmonton
51%
Bandar Lampung
51%
Freetown
51%
Fortaleza
51%
San Pedro Sula
51%
Jeddah
51%
Dakar
51%
Curitiba
51%
Montevideo
51%
Natal
51%
Kaduna
49%
Maputo
49%
Mombasa
49%
San Juan
48%
Vitória
48%
Khartoum
48%
Monrovia
47%
Conakry
47%
Salvador
47%
Ouagadougou
47%
Volgograd
47%
Durban
47%
Maiduguri
47%
Dar es Salaam
46%
Belém
46%
Ulaanbaatar
46%
N'Djamena
44%
Perth
44%
Muscat
43%
Medina
43%
Mérida
43%
Lanzhou
42%
Lusaka
42%
São Luís
42%
Kigali
42%
Concepción
42%
Cebu
42%
Saratov
41%
Port Elizabeth
41%
Santa Cruz
41%
Davao
41%
Pointe-Noire
41%
Goiânia
39%
Sana'a
39%
Douala
39%
Lilongwe
38%
Srinagar
38%
Luanda
38%
Addis Ababa
38%
Kampala
37%
Omsk
35%
Adelaide
35%
Manaus
34%
Auckland
34%
Patna
34%
Honolulu
34%
Novosibirsk
34%
Almaty
33%
Ürümqi
32%
Nouakchott
32%
Teresina
32%
Bishkek
32%
Antananarivo
32%
Chelyabinsk
30%
Córdoba
28%
Ashgabat
28%
Mogadishu
27%
Krasnoyarsk
27%
Mbuji-Mayi
25%
Tashkent
25%
Lubumbashi
24%
Bangui
20%

Score Distribution

Percentile by Number Answered

Percent of People with Each Score

Your Score History

You have not taken this quiz